| 000 | 00332nam a22001337a 4500 | ||
|---|---|---|---|
| 005 | 20260224154521.0 | ||
| 008 | 260224b |||||||| |||| 00| 0 eng d | ||
| 020 | _a996649754-4 | ||
| 100 | _aWALIBORA, KEN | ||
| 245 | _aKUFA KUZIKANA | ||
| 260 |
_aNAIROBI _bLONGHORN PUBLISHERS LTD _c2003 |
||
| 300 | _aIV, 231P. | ||
| 942 |
_2lcc _cBK |
||
| 999 |
_c216618 _d216618 |
||